Essentials of economics / (Record no. 31212)

000 -LEADER
fixed length control field 01871cam a2200325 i 4500
001 - CONTROL NUMBER
control field 18725128
003 - CONTROL NUMBER IDENTIFIER
control field OSt
005 - DATE AND TIME OF LATEST TRANSACTION
control field 20220225102051.0
008 - FIXED-LENGTH DATA ELEMENTS--GENERAL INFORMATION
fixed length control field 150731s2016 nyua 001 0 eng
010 ## - LIBRARY OF CONGRESS CONTROL NUMBER
LC control number 2015030231
020 ## - INTERNATIONAL STANDARD BOOK NUMBER
International Standard Book Number 9780393264586 (pbk.)
040 ## - CATALOGING SOURCE
Original cataloging agency DLC
Language of cataloging eng
Transcribing agency DLC
Description conventions rda
Modifying agency DLC
042 ## - AUTHENTICATION CODE
Authentication code pcc
050 00 - LIBRARY OF CONGRESS CALL NUMBER
Classification number HB 171.5
Item number .M434 2016
082 00 - DEWEY DECIMAL CLASSIFICATION NUMBER
Classification number 330
Edition number 23
100 1# - MAIN ENTRY--PERSONAL NAME
Personal name Mateer, G. Dirk.
245 10 - TITLE STATEMENT
Title Essentials of economics /
Statement of responsibility, etc. Dirk Mateer, University of Arizona, Lee Coppock, University of Virginia, Brian O'Roark, Robert Morris University.
250 ## - EDITION STATEMENT
Edition statement First Edition.
264 #1 - PRODUCTION, PUBLICATION, DISTRIBUTION, MANUFACTURE, AND COPYRIGHT NOTICE
Place of production, publication, distribution, manufacture New York ;
-- London :
Name of producer, publisher, distributor, manufacturer W. W. Norton,
Date of production, publication, distribution, manufacture, or copyright notice [2016]
300 ## - PHYSICAL DESCRIPTION
Extent xxxix, 589 pages :
Other physical details color illustrations ;
Dimensions 25 cm
336 ## - CONTENT TYPE
Content type term text
Source rdacontent
337 ## - MEDIA TYPE
Media type term unmediated
Source rdamedia
338 ## - CARRIER TYPE
Carrier type term volume
Source rdacarrier
500 ## - GENERAL NOTE
General note Includes index.
505 0# - FORMATTED CONTENTS NOTE
Formatted contents note Introduction -- Thinking like an economist -- Economic models and gains from trade -- The market at work : supply and demand -- Market efficiency -- Microeconomics -- Costs and production : how do businesses work? -- Market structures -- Behavioral economics and game theory -- Labor markets and earnings -- Government in the economy -- Macroeconomics -- What is macroeconomics? -- Measuring the macroeconomy, inflation, and unemployment -- Aggregate demand and aggregate supply -- Economic growth and the wealth of nations -- Savings, investment, and the market for loanable funds -- Money and the federal reserve -- Monetary policy -- Fiscal policy and budget deficits -- International economics -- Personal finance.
650 #0 - SUBJECT ADDED ENTRY--TOPICAL TERM
Topical term or geographic name as entry element Economics.
906 ## - LOCAL DATA ELEMENT F, LDF (RLIN)
a 7
b cbc
c orignew
d 1
e ecip
f 20
g y-gencatlg
942 ## - ADDED ENTRY ELEMENTS (KOHA)
Source of classification or shelving scheme
Koha item type Hard Covered Materials
Classification part HB 171.5 .M434 2016
Holdings
Withdrawn status Lost status Source of classification or shelving scheme Damaged status Not for loan Home library Current library Shelving location Date acquired Source of acquisition Total Checkouts Full call number Barcode Date last seen Date last checked out Price effective from Koha item type
          MACHAKOS UNIVERSITY LIBRARY MACHAKOS UNIVERSITY LIBRARY Open shelf 25/02/2022 Damaris Kimanzi 1 HB 171.5 .M434 2016 23928 07/02/2023 24/01/2023 25/02/2022 Hard Covered Materials
© Machakos University Library, Along The Highway, Machakos Wote Rd, Machakos, Kenya P.O. Box 136 - 90100 Machakos - Kenya

Tel: ( +254 ) 723 805829 OR Fax : 044-20353 OR Email: library@mksu.ac.ke